|
|
|
|
| LEADER |
00000naa2a2200000 4500 |
| 001 |
617054 |
| 005 |
20231102023642.0 |
| 035 |
|
|
|a (RuTPU)RU\TPU\conf\15340
|
| 035 |
|
|
|a RU\TPU\conf\15339
|
| 090 |
|
|
|a 617054
|
| 100 |
|
|
|a 20160211d2015 k y0rusy50 ca
|
| 101 |
0 |
|
|a rus
|
| 102 |
|
|
|a RU
|
| 105 |
|
|
|a y z 101zy
|
| 135 |
|
|
|a drgn ---uucaa
|
| 181 |
|
0 |
|a i
|
| 182 |
|
0 |
|a b
|
| 200 |
1 |
|
|a Оценка геоходной технологии проведения горных выработок
|f В. В. Аксёнов, А. В. Косовец, Д. Н. Нестерук [и др.]
|
| 203 |
|
|
|a Текст
|c электронный
|
| 225 |
1 |
|
|a Системы управления в машиностроении
|
| 230 |
|
|
|a 1 компьютерный файл (pdf; 500 Kb)
|
| 300 |
|
|
|a Заглавие с титульного экрана
|
| 320 |
|
|
|a [Библиогр.: с. 20-21 (12 назв.)]
|
| 337 |
|
|
|a Adobe Reader
|
| 463 |
|
0 |
|0 (RuTPU)RU\TPU\conf\15169
|t Актуальные проблемы современного машиностроения
|o сборник трудов Международной научно-практической конференции, г. Юрга, 17-18 декабря 2015 г.
|f Национальный исследовательский Томский политехнический университет (ТПУ), Юргинский технологический институт (ЮТИ) ; ред. кол. Д. В. Валуев [и др.]
|v [С. 16-21]
|d 2015
|
| 610 |
1 |
|
|a труды учёных ТПУ
|
| 610 |
1 |
|
|a электронный ресурс
|
| 610 |
1 |
|
|a геоходы
|
| 610 |
1 |
|
|a горные выработки
|
| 610 |
1 |
|
|a горнодобывающие предприятия
|
| 610 |
1 |
|
|a технологические процессы
|
| 610 |
1 |
|
|a энергоемкость
|
| 701 |
|
1 |
|a Аксёнов
|b В. В.
|c горный инженер
|c профессор Юргинского технологического института (филиала) Томского политехнического университета, доктор технических наук
|f 1955-
|g Владимир Валерьевич
|2 stltpush
|3 (RuTPU)RU\TPU\pers\26165
|9 11974
|
| 701 |
|
1 |
|a Косовец
|b А. В.
|c экономист
|c старший преподаватель Юргинского технологического института (филиала) Томского политехнического университета
|f 1962-
|g Александр Владимирович
|2 stltpush
|3 (RuTPU)RU\TPU\pers\31619
|9 15776
|
| 701 |
|
1 |
|a Нестерук
|b Д. Н.
|c экономист
|c старший преподаватель Юргинского технологического института (филиала) Томский политехнический университет
|f 1978-
|g Дмитрий Николаевич
|2 stltpush
|3 (RuTPU)RU\TPU\pers\25117
|9 11220
|
| 701 |
|
1 |
|a Адамков
|b А. В.
|
| 701 |
|
1 |
|a Нестерова
|b А. О.
|
| 712 |
0 |
2 |
|a Национальный исследовательский Томский политехнический университет (ТПУ)
|b Юргинский технологический институт (филиал) (ЮТИ)
|b Кафедра горно-шахтного оборудования (ГШО)
|h 2088
|2 stltpush
|3 (RuTPU)RU\TPU\col\18984
|
| 801 |
|
2 |
|a RU
|b 63413507
|c 20210220
|g RCR
|
| 856 |
4 |
|
|u http://earchive.tpu.ru/handle/11683/23200
|
| 856 |
4 |
|
|u http://www.lib.tpu.ru/fulltext/c/2015/C88/004.pdf
|
| 942 |
|
|
|c BK
|